书目信息 |
| 题名: |
现代家庭装饰施工与预算
|
|
| 作者: | 张建斌 编著 | |
| 分册: | ||
| 出版信息: | 北京 中国建筑工业出版社 1999.07 |
|
| 页数: | 291页 | |
| 开本: | 32开 | |
| 丛书名: | ||
| 单 册: | ||
| 中图分类: | ||
| 科图分类: | ||
| 主题词: | 建筑工程--工程施工 | |
| 电子资源: | ||
| ISBN: | 7-112-03899-5 | |
| 000 | 00612nam0 2200205 45 | |
| 001 | 9910131604 | |
| 005 | 20010220104120.7 | |
| 010 | @a7-112-03899-5@d18.00元 | |
| 100 | @a19991013d1999 km y0chiy0120 ea | |
| 101 | @achi | |
| 105 | @a z 000yy | |
| 200 | 1 | @a现代家庭装饰施工与预算@AXian Dai Jia Ting ZhuangShi Shi Gong Yu Yu Suan@f张建斌编著@FZhang Jian Bin Bian Zhu |
| 210 | @a北京@c中国建筑工业出版社@d1999.07 | |
| 215 | @a291页@d32开 | |
| 606 | 0 | @a建筑工程@x工程施工 |
| 690 | @v3 | |
| 690 | @aTU767@v3 | |
| 701 | @a张建斌@4编著 | |
| 801 | @aCN@bPFTUser@c19991013 | |
| 905 | @dTU767@eZH061@b322838-840@f3 | |
| 现代家庭装饰施工与预算/张建斌编著.-北京:中国建筑工业出版社,1999.07 |
| 291页;32开 |
| ISBN 7-112-03899-5:18.00元 |
| ● |
| 相关链接 |
|
|
|
正题名:现代家庭装饰施工与预算
索取号:TU767/ZH061
 
预约/预借
| 序号 | 登录号 | 条形码 | 馆藏地/架位号 | 状态 | 备注 |
| 1 | 322838 | 203228382 | 管理学院资料室/ [索取号:TU767/ZH061] | 在馆 | |
| 2 | 322839 | 203228391 | 建筑库201/201建筑库 47排1列4层/ [索取号:TU767/ZH061] | 在馆 | |
| 3 | 322840 | 203228408 | 自科二线404/404自科库 15排2列3层/ [索取号:TU767/ZH061] | 在馆 | |
| 4 | 62758 | 200627580 | 建筑库201/201建筑库 47排1列4层/ [索取号:TU767/ZH061] | 在馆 |